India-Sri Lanka relations : (Record no. 93820)

MARC details
000 -LEADER
fixed length control field 00626nam a22001937a 4500
005 - DATE AND TIME OF LATEST TRANSACTION
control field 20150715110206.0
010 ## - LCCN (DPL NO)
LC control number ENG-113144
020 ## - INTERNATIONAL STANDARD BOOK NUMBER
International Standard Book Number 9788184248449
Terms of availability 750.00
035 ## - SYSTEM CONTROL NUMBER
System control number EN-96676
037 ## - SOURCE OF ACQUISITION
Source of stock number/acquisition DBAD/PUB
082 ## - DEWEY DECIMAL CLASSIFICATION NUMBER
Classification number 303.4825405493
245 ## - TITLE STATEMENT
Title India-Sri Lanka relations :
Statement of responsibility, etc edited by R. Sidda Goud [and] Manisha Mookherjee
Remainder of title strengthening SAARC /
260 ## - PUBLICATION, DISTRIBUTION, ETC. (IMPRINT)
Place of publication, distribution, etc New Delhi
Name of publisher, distributor, etc Allied Publishers
Date of publication, distribution, etc 2013
270 ## - ADDRESS
Address 1/13-14 Asaf Ali Road,
City New Delhi
Postal code 110002
300 ## - PHYSICAL DESCRIPTION
Extent xxii,333p.
Dimensions 23cm(Hb)
700 ## - ADDED ENTRY--PERSONAL NAME
Personal name Goud, R. Sidda
700 ## - ADDED ENTRY--PERSONAL NAME
Personal name Mookherjee, Manisha
942 ## - ADDED ENTRY ELEMENTS (KOHA)
Source of classification or shelving scheme Dewey Decimal Classification
Item type English Books
Call number suffix IND
Classification part 303.4825405493
Holdings
Withdrawn status Lost status Not for loan Collection code Home library Current library Date acquired Source of acquisition Cost, normal purchase price Full call number Barcode Copy number Cost, replacement price Koha item type
    Not For Loan Non-fiction D.B.Act.Division D.B.Act.Division 21/05/2015 DBAD/PUB 750.00 303.4825405493 IND EN-96676 1 750.00 English Books

© Delhi Public Library
Hit Counter
free hit counter